LEADER 01481nam a2200325 u 4500 001 000000053535 003 CaOOAMICUS 005 20070226115554.0 008 001116s1967 it u000 u ita u 020 $a8806128507 035 $a10861534 040 $aPUL$bita 041 0 $aita$hfre 100 1 $aKoyré, Alexandre,$d1892-1964.$0(OLS)http://pul/name/16983 240 10$aPhilosophes et la machine.$lItaliano.$0(OLS)http://pul/title/71809 245 10$aDal mondo del pressappoco all'universo della precisione /$cAlexandre Koyré ; introduzione e traduzione di Paola Zambelli. 260 $aTorino :$bEinaudi,$c1992. 300 $a134 p. ;$c18 cm 490 1 $aPiccola biblioteca Einaudi ;$v559 650 4$aScienza$xStoria.$0(OLS)http://pul/subject/1198 700 1 $aZambelli, Paola.$0(OLS)http://pul/name/38098 700 1 $aKoyré, Alexandre,$d1892-1964.$tDu monde de l'"à-peu-près" à l'unviers de la précision$lItaliano.$0(OLS)http://pul/name/38097 830 0$aPiccola biblioteca Einaudi ;$v559.$0(OLS)http://pul/title/8551 850 $aPUL 852 $aPUL$W1$xSL Filosofia 1$y2$m95 E 40$j70618$nBK-PRI$b $qStampati$B70618$CPULBib$Z2$F70618 $H $81 941 1 $a8 961 $aINV: 82826 996 $6020$a8806128507$9(OLS)http://pul/number/67468 996 $6245$aDal mondo del pressappoco all'universo della precisione$9(OLS)http://pul/title/71810 996 $6260$aTorino :$bEinaudi$9(OLS)http://pul/publisher/48130 LEADER 01375nam a2200277 a 4500 001 000000159571 003 CaOOAMICUS 005 20170321120611.0 008 170321s1963 it m 001 u eng r 032 $aLibriCat 040 $aPUL$bita 100 1 $aGenuario, William A.$0(OLS)http://pul/name/102046 245 14$aThe 1990 process :$bthe essential distinction between the exceptional case and the matrimonial cause /$cauctore Gulielmo A Genuario. 260 $aRoma :$bPontificia Università Gregoriana,$c1963. 300 $a88 p. ;$c24 cm. 502 $aEstratto da tesi -- Pontificia Universitas Gregoriana. Facultas iuris canonici. 1963. 504 $aBibliografia in nota. 650 4$aMatrimonio (diritto canonico).$0(OLS)http://pul/subject/475 710 2 $aPontificia Università Gregoriana.$bFacoltà di diritto canonico.$kTesi.$0(OLS)http://pul/name/81757 850 $aPUL 852 $aPUL$W1$xDP1 Tesi Pon. Univ. Gregoriana$y40$mTH PUG 1442$j183002$qTesi$B186207$CPULBib$Z2$F186207 $H22989 $82 941 1 $a16 960 $aDiritto matrimoniale canonico$9475 996 $6245$aThe 1990 process :$bthe essential distinction between the exceptional case and the matrimonial cause$9(OLS)http://pul/title/199196 996 $6260$aRoma :$bPontificia Università Gregoriana$9(OLS)http://pul/publisher/47853